Los jóvenes y el nuevo sistema de responsabilidad penal adolescente a un año de su implementación, diciembre 2008
Salvato in:
| Autore principale: | |
|---|---|
| Natura: | Libro |
| Lingua: | spagnolo |
| Pubblicazione: |
Santiago
Unicef
2008
|
| Serie: | Reflexiones Infancia y Adolescencia, 10
|
| Soggetti: | |
| Tags: |
Aggiungi Tag
Nessun Tag, puoi essere il primo ad aggiungerne!!
|
MARC
| LEADER | 00000nam a2200000 a 4500 | ||
|---|---|---|---|
| 001 | UCH0760 | ||
| 003 | CL-VaPUC | ||
| 008 | 090326e20080000CL |||||||||||||||||spa|d | ||
| 082 | 0 | 4 | |a 345.08 |b MUÑ |2 21 |
| 100 | |a Muñoz Galloso, Lisandra |e autora |9 535078 | ||
| 245 | 1 | 4 | |a Los jóvenes y el nuevo sistema de responsabilidad penal adolescente a un año de su implementación, diciembre 2008 |
| 300 | |a 72 p | ||
| 942 | |c BK | ||
| 945 | |d 20090326 00:00:00 |a rbrito | ||
| 260 | |a Santiago |b Unicef |c 2008 | ||
| 650 | 7 | |a RESPONSABILIDAD PENAL JUVENIL |2 CL-VaPUC |9 523795 | |
| 650 | 7 | |a DERECHO PENAL |2 CL-VaPUC |9 11 | |
| 650 | 0 | |a Adolescentes |9 308058 | |
| 650 | 7 | |a MENORES |2 CL-VaPUC |9 535079 | |
| 650 | 7 | |a DISCERNIMIENTO |2 CL-VaPUC |9 328302 | |
| 650 | 7 | |a IMPUTABILIDAD DEL MENOR |2 CL-VaPUC |9 383578 | |
| 583 | |a last modification |c 20140403 05:14:13 |k Rodrigo Vera | ||
| 490 | 0 | |a Reflexiones Infancia y Adolescencia, 10 | |
| 999 | |c 333003 |d 333001 | ||
| 952 | |0 0 |1 0 |2 ddc |4 0 |6 345_080000000000000_MUÑ_2008 |7 0 |8 A |9 421113 |a BIBDER |b BIBDER |d 2019-11-22 |i 4527771 |o 345.08 MUÑ 2008 |p 4527771 |r 2023-01-25 |w 2019-11-22 |y MX |k DER | ||